Philosophies politiques pour notre temps : Un parcours européen (notice n° 1512328)

détails MARC
000 -LEADER
fixed length control field 01199cam a2200145 4500500
005 - DATE AND TIME OF LATEST TRANSACTION
control field 20251012001124.0
041 ## - LANGUAGE CODE
Language code of text/sound track or separate title fre
042 ## - AUTHENTICATION CODE
Authentication code dc
100 10 - MAIN ENTRY--PERSONAL NAME
Personal name Picq, Jean
Relator term author
245 00 - TITLE STATEMENT
Title Philosophies politiques pour notre temps : Un parcours européen
260 ## - PUBLICATION, DISTRIBUTION, ETC.
Name of publisher, distributor, etc. Odile Jacob,<br/>
Date of publication, distribution, etc. 2005.<br/>
520 ## - SUMMARY, ETC.
Summary, etc. Mondialisation, européanisation, décentralisation, retour de la violence extrême, exclusion sociale : les vieux concepts comme ceux de souveraineté nationale sont ébranlés et, de nouveau, nous nous posons les questions centrales du politique. Comment vivre ensemble ? Quel fondement pour l’autorité ? Où commence et comment retrouver le contrôle de nos vies ? De Carl Schmitt et Léo Strauss, Karl Jaspers et Hannah Arendt, Raymond Aron et Maurice Merleau-Ponty, Michel Foucault et Emmanuel Lévinas, à Jan Patocka, Jürgen Habermas, Paul Ricœur, Toni Negri ou encore Giorgio Agamben, voici un parcours initiatique à travers la pensée politique européenne, si riche en enseignements pour notre temps.
700 10 - ADDED ENTRY--PERSONAL NAME
Personal name Cusset, Yves
Relator term author
856 41 - ELECTRONIC LOCATION AND ACCESS
Uniform Resource Identifier <a href="https://shs.cairn.info/philosophies-politiques-pour-notre-temps--9782738116079?lang=fr&redirect-ssocas=7080">https://shs.cairn.info/philosophies-politiques-pour-notre-temps--9782738116079?lang=fr&redirect-ssocas=7080</a>

Pas d'exemplaire disponible.

PLUDOC

PLUDOC est la plateforme unique et centralisée de gestion des bibliothèques physiques et numériques de Guinée administré par le CEDUST. Elle est la plus grande base de données de ressources documentaires pour les Étudiants, Enseignants chercheurs et Chercheurs de Guinée.

Adresse

627 919 101/664 919 101

25 boulevard du commerce
Kaloum, Conakry, Guinée

Réseaux sociaux

Powered by Netsen Group @ 2025